000 00526nam a2200205 a 4500
005 20210219153150.0
008 991125n 000 0 eng u
035 _aUPN01000081381
100 1 _aSewall, Gilbert T
222 _aACADEMIC QUESTIONS
245 _aHow textbooks are neutered
260 _aEUA
300 _a54-59
362 0 _a1991 Vol. 4, no. 3, summer
653 0 _aESTADOS UNIDOS DE AMERICA
653 0 _aINDUSTRIA EDITORIAL
653 0 _aLIBRO DE TEXTO
904 _aAC
_b019192
905 _aArticulo
999 _c69948
_d69948